000 01009cam a22002654a 4500
001 2630185
005 20250311095140.0
008 990304s2000 caua b 001 0 eng
020 _a0767412095
050 0 0 _aHQ536
_b.O46 2000
082 0 0 _a306.8/0973
_221
100 1 _aOlson, David H. L.
245 1 0 _aMarriage and the family :
_bdiversity and strengths /
_cDavid H. Olson, John DeFrain.
250 _a3rd ed.
260 _aMountain View, Calif. :
_bMayfield,
_cc2000.
300 _axxviii, 692 p. :
_bill. (some col.) ;
_c27 cm.
650 0 _aFamilies
_zUnited States
_xPsychological aspects.
650 0 _aMarriage
_zUnited States
_xPsychological aspects.
650 0 _aCircumplex Model of Marital and Family Systems.
650 0 _aFamily assessment
_zUnited States.
700 1 _aDeFrain, John D.
856 4 2 _3Publisher description
_uhttp://www.loc.gov/catdir/description/mh024/99022761.html
856 4 1 _3Table of contents
_uhttp://www.loc.gov/catdir/toc/mh023/99022761.html
942 _2lcc
_cBK
_n0
999 _c4679
_d4679